
Library Catalogue

| 000 -LEADER | |
|---|---|
| fixed length control field | 02666nam a22003855i 4500 |
| 001 - CONTROL NUMBER | |
| control field | 24203815 |
| 005 - DATE AND TIME OF LATEST TRANSACTION | |
| control field | 20251009115534.0 |
| 008 - FIXED-LENGTH DATA ELEMENTS--GENERAL INFORMATION | |
| fixed length control field | 250514s2025 nyu 000 0 eng |
| 010 ## - LIBRARY OF CONGRESS CONTROL NUMBER | |
| LC control number | 2025938736 |
| 020 ## - INTERNATIONAL STANDARD BOOK NUMBER | |
| International Standard Book Number | 9780198937579 |
| Qualifying information | (paperback) |
| 020 ## - INTERNATIONAL STANDARD BOOK NUMBER | |
| Canceled/invalid ISBN | 9780198937593 |
| Qualifying information | (epub) |
| 035 ## - SYSTEM CONTROL NUMBER | |
| System control number | 24203815 |
| 040 ## - CATALOGING SOURCE | |
| Original cataloging agency | DLC |
| Language of cataloging | eng |
| Description conventions | rda |
| Transcribing agency | DLC |
| 042 ## - AUTHENTICATION CODE | |
| Authentication code | pcc |
| 082 ## - DEWEY DECIMAL CLASSIFICATION NUMBER | |
| Classification number | 340.22 |
| 100 1# - MAIN ENTRY--PERSONAL NAME | |
| Personal name | Gillespie, Alisdair, |
| Relator term | author. |
| 245 14 - TITLE STATEMENT | |
| Title | The English legal system 10e / |
| Statement of responsibility, etc. | Alisdair Gillespie, Siobhan Weare. |
| 250 ## - EDITION STATEMENT | |
| Edition statement | 10. |
| 263 ## - PROJECTED PUBLICATION DATE | |
| Projected publication date | 2508 |
| 264 #1 - PRODUCTION, PUBLICATION, DISTRIBUTION, MANUFACTURE, AND COPYRIGHT NOTICE | |
| Place of production, publication, distribution, manufacture | New York : |
| Name of producer, publisher, distributor, manufacturer | Oxford University Press, |
| Date of production, publication, distribution, manufacture, or copyright notice | 2025. |
| 300 ## - PHYSICAL DESCRIPTION | |
| Extent | xliii, 737 pages |
| Dimensions | 24 cm. |
| 336 ## - | |
| -- | text |
| -- | txt |
| -- | rdacontent |
| 337 ## - | |
| -- | unmediated |
| -- | n |
| -- | rdamedia |
| 338 ## - | |
| -- | volume |
| -- | nc |
| -- | rdacarrier |
| 365 ## - TRADE PRICE | |
| Price amount | Rs. 5475.00 |
| 505 ## - Contents | |
| Contents | 1:The English legal system -<br/>Part I: Sources of Law:<br/>2:Domestic sources of law: parliamentary material -<br/>3:Domestic sources of law: case law -<br/>4:International sources of law -<br/>5:Human Rights Act 1998 -<br/>Part II: The Courts and the Practitioners:<br/>6:The structure of the courts -<br/>7:The structure of the tribunals -<br/>8:The judiciary and their appointment -<br/>9:Judicial independence -<br/>10:The legal professions -<br/>11:Funding access to justice -<br/>Part III: The Criminal Justice System:<br/>12:The investigation of crime -<br/>13:Pre-trial matters -<br/>14:Those in court -<br/>15:The trials -<br/>16:Criminal appeals -<br/>Part IV: The Civil Justice System:<br/>17:Civil litigation -<br/>18:Remedies and appeals -<br/>19:Alternative dispute resolution -<br/>Part V: The Future:<br/>20:The future. |
| 520 ## - SUMMARY, ETC. | |
| Summary, etc. | "The English Legal System presents the main areas of the legal system and encourages a critique of the wider aspects of how law is made and reformed. The book is structured in five parts. Part I looks at the sources of law including domestic and international sources. Part II looks at the courts and the practitioners. It considers the structure of the courts and tribunals, judges and judicial independence, the legal professions, and legal aid. Part III examines the criminal justice system. It describes issues related to lay justice, trials, and criminal appeals. The next part is about the civil justice system. It looks at civil litigation, remedies, appeals and alternative dispute resolution, as well as the funding of civil litigation. The final part looks to the future"-- |
| Assigning source | Provided by publisher. |
| 650 ## - SUBJECT ADDED ENTRY--TOPICAL TERM | |
| Topical term or geographic name entry element | English Legal System |
| 650 ## - SUBJECT ADDED ENTRY--TOPICAL TERM | |
| Topical term or geographic name entry element | Sources of Law |
| 650 ## - SUBJECT ADDED ENTRY--TOPICAL TERM | |
| Topical term or geographic name entry element | Criminal & Civil Justice System |
| 700 1# - ADDED ENTRY--PERSONAL NAME | |
| Personal name | Weare, Siobhan, |
| Relator term | author. |
| 906 ## - LOCAL DATA ELEMENT F, LDF (RLIN) | |
| a | 0 |
| b | ibc |
| c | orignew |
| d | 2 |
| e | epcn |
| f | 20 |
| g | y-gencatlg |
| 942 ## - ADDED ENTRY ELEMENTS (KOHA) | |
| Source of classification or shelving scheme | Dewey Decimal Classification |
| Koha item type | BOOKs |
| Withdrawn status | Lost status | Source of classification or shelving scheme | Materials specified (bound volume or other part) | Damaged status | Not for loan | Home library | Current library | Shelving location | Date acquired | Source of acquisition | Cost, normal purchase price | Total Checkouts | Full call number | Barcode | Date last seen | Price effective from | Koha item type | Public note |
|---|---|---|---|---|---|---|---|---|---|---|---|---|---|---|---|---|---|---|
| Dewey Decimal Classification | PB | NLS | NLS | General Stacks | 09/10/2025 | Purchased - Educational Supplies | 5475.00 | 340.22 GIL | 40440 | 23/01/2026 | 09/10/2025 | BOOKs | Recommended by Dr. Siddharth Narrain |